[Event "Oberliga Nord W 1920"]
[Site "Germany"]
[Date "2020.01.19"]
[Round "5.8"]
[White "Rein, Joachim"]
[Black "Hoerstmann, Rudi"]
[Result "0-1"]
[WhiteElo "1937"]
[BlackElo "2241"]
[PlyCount "86"]
[EventDate "2019.09.29"]
[EventType "team-tourn"]
[EventRounds "9"]
[EventCountry "GER"]
[SourceTitle "CBM 195 Extra"]
[Source "ChessBase"]
[SourceDate "2020.05.31"]
[SourceVersion "1"]
[SourceVersionDate "2020.05.31"]
[SourceQuality "1"]

1. d4 g6 2. e4 Bg7 3. f4 c5 4. c3 cxd4 5. cxd4 d5 6. e5 Nc6 7. Nc3 Nh6 8. Bb5 0-0 9. Nge2 Bg4 10. h3 Bxe2 11. Nxe2 Qa5+ 12. Nc3 Nf5 13. Bxc6 bxc6 14. 0-0 f6 15. Ne2 c5 16. exf6 Bxf6 17. dxc5 Qxc5+ 18. Kh2 Rfd8 19. Qd3 Rac8 20. Ng3 Qc2 21. Qf3 Nh4 22. Qf2 Qd3 23. Qe1 Rc2 24. Rf2 Rxf2 25. Qxf2 Rc8 26. Bd2 Rc2 27. Nf1 Rxb2 28. Rc1 Nf5 29. Qe1 Nd4 30. Kh1 Ne2 31. Rd1 Qe4 32. Ng3 Nxg3+ 33. Qxg3 Rxa2 34. Re1 Qf5 35. Bc1 Ra1 36. Qb3 Kg7 37. Qe3 Qc2 38. Kh2 d4 39. Qd2 Qxd2 40. Bxd2 Rxe1 41. Bxe1 Kf7 42. Kg3 Ke6 43. Kf3 Kd5 0-1

[Event "Maastricht Limburg op 13th"]
[Site "Maastricht"]
[Date "2019.06.07"]
[Round "1"]
[White "Hoerstmann, Rudi"]
[Black "Nasuta, Grzegorz"]
[Result "0-1"]
[WhiteElo "2254"]
[BlackElo "2518"]
[PlyCount "104"]
[EventDate "2019.06.07"]
[EventType "swiss"]
[EventRounds "7"]
[EventCountry "NED"]
[SourceTitle "CBM 190 Extra"]
[Source "ChessBase"]
[SourceDate "2019.07.15"]
[SourceVersion "1"]
[SourceVersionDate "2019.07.15"]
[SourceQuality "1"]

1. d4 Nf6 2. c4 g6 3. Nc3 d5 4. cxd5 Nxd5 5. e4 Nxc3 6. bxc3 Bg7 7. Be3 c5 8. Qd2 Qa5 9. Nf3 0-0 10. Rb1 b6 11. Rb5 Qa4 12. dxc5 Qxe4 13. cxb6 axb6 14. Be2 Be6 15. Rb4 Qd5 16. a4 Qc6 17. c4 Rxa4 18. 0-0 Nd7 19. Rfb1 Rxb4 20. Qxb4 Rc8 21. Qxe7 Bf8 22. Qh4 Bxc4 23. Rc1 b5 24. h3 Qa6 25. Bxc4 bxc4 26. Bd4 Qd6 27. Bc3 Qd5 28. Nd2 h5 29. Ne4 Bg7 30. Bxg7 Kxg7 31. Qf4 Qe5 32. Qxe5+ Nxe5 33. Rc3 Nd7 34. Kf1 Nb6 35. Nd2 Kf6 36. Ke2 Ke5 37. f3 Rc6 38. Re3+ Kd5 39. Ne4 Re6 40. Kd2 Kd4 41. Ra3 Nd5 42. Ra4 Rb6 43. Ra7 f5 44. Ng5 Rb2+ 45. Kc1 Rxg2 46. h4 Kd3 47. Rd7 Rg1+ 48. Kb2 c3+ 49. Kb3 Rb1+ 50. Ka2 c2 51. Rxd5+ Kc4 52. Rd8 c1Q 0-1

[Event "Karlsruhe Grenke op"]
[Site "Karlsruhe"]
[Date "2019.04.21"]
[Round "7"]
[White "Barp, Alberto"]
[Black "Hoerstmann, Rudi"]
[Result "1/2-1/2"]
[WhiteElo "2424"]
[BlackElo "2225"]
[PlyCount "156"]
[EventDate "2019.04.18"]
[EventType "swiss"]
[EventRounds "9"]
[EventCountry "GER"]
[SourceTitle "CBM 189 Extra"]
[Source "ChessBase"]
[SourceDate "2019.06.03"]
[SourceVersion "1"]
[SourceVersionDate "2019.06.03"]
[SourceQuality "1"]

1. d4 g6 2. Nf3 Bg7 3. g3 c5 4. dxc5 Na6 5. Bg2 Nxc5 6. 0-0 Nf6 7. c4 b6 8. b4 Nce4 9. Bb2 Bb7 10. Nbd2 Nxd2 11. Qxd2 0-0 12. Rfc1 Qc7 13. Nd4 Bxg2 14. Kxg2 Qb7+ 15. f3 a6 16. e4 d6 17. Qe2 Rfc8 18. a3 Rc7 19. Nc2 b5 20. cxb5 axb5 21. Nd4 Rb8 22. Rxc7 Qxc7 23. Rc1 Qb7 24. Qc2 Nd7 25. Nc6 Bxb2 26. Qxb2 Re8 27. Qd4 Nb6 28. Na5 Qb8 29. Rc6 Nd7 30. Rc3 Ne5 31. f4 Ng4 32. Nc6 Qb7 33. Qa7 Qxa7 34. Nxa7 Rb8 35. h3 Nf6 36. Kf3 Rb7 37. Rc8+ Kg7 38. Nc6 e6 39. Na5 Rb6 40. Ke3 d5 41. e5 Ne4 42. g4 g5 43. fxg5 Nxg5 44. h4 Ne4 45. Kd4 Ra6 46. Rb8 Ra7 47. Rxb5 Rc7 48. Rb7 Rc3 49. b5 Rxa3 50. Nc6 Ra4+ 51. Ke3 Nc5 52. Rc7 Rxg4 53. Nd8 Na4 54. Nxe6+ Kg6 55. Nf4+ Kf5 56. Rxf7+ Kxe5 57. Nd3+ Kd6 58. Rxh7 Rg3+ 59. Kd2 Rg2+ 60. Ke1 Rg3 61. Rh6+ Kc7 62. Nf4 Nb6 63. Kf2 Rb3 64. Rc6+ Kb7 65. Rc5 d4 66. h5 Re3 67. h6 Re7 68. Rh5 Rh7 69. Ne6 Nd7 70. Nxd4 Nf6 71. Rh4 Rxh6 72. Rf4 Nd5 73. Rf7+ Kb6 74. Rf5 Rf6 75. Rxf6+ Nxf6 76. Kf3 Nd5 77. Ke4 Nc7 78. Kd3 Nxb5 1/2-1/2

[Event "Karlsruhe Grenke op"]
[Site "Karlsruhe"]
[Date "2019.04.21"]
[Round "6"]
[White "Hoerstmann, Rudi"]
[Black "Keinanen, Toivo"]
[Result "1/2-1/2"]
[WhiteElo "2225"]
[BlackElo "2390"]
[PlyCount "141"]
[EventDate "2019.04.18"]
[EventType "swiss"]
[EventRounds "9"]
[EventCountry "GER"]
[SourceTitle "CBM 189 Extra"]
[Source "ChessBase"]
[SourceDate "2019.06.03"]
[SourceVersion "1"]
[SourceVersionDate "2019.06.03"]
[SourceQuality "1"]

1. d4 d5 2. c4 e6 3. Nc3 Be7 4. cxd5 exd5 5. Bf4 c6 6. e3 Bf5 7. Nge2 Nd7 8. Ng3 Bg6 9. Be2 Ngf6 10. h4 h5 11. a3 Kf8 12. Bf3 Ne8 13. Nxh5 Bxh4 14. Ng3 Rh7 15. Kf1 Kg8 16. Kg1 Ndf6 17. Na4 Nd6 18. Nc3 Qd7 19. Nge2 Be4 20. Bxd6 Bxf3 21. gxf3 Qxd6 22. Kf1 Re8 23. Nf4 Bg5 24. Rxh7 Nxh7 25. Nce2 Bh6 26. Kg2 Nf8 27. Qd3 g6 28. Rh1 Bg7 29. Qc3 Nd7 30. Nd3 Qe7 31. Qb4 Qg5+ 32. Ng3 Nb6 33. b3 Qd8 34. a4 Bf8 35. Qc3 Nc8 36. Ne5 Nd6 37. Qc2 Bg7 38. Nd3 Qd7 39. Qc3 Rc8 40. Qc2 Re8 41. Qc3 Qd8 42. Qb4 Bf8 43. Qc3 Qc8 44. Ne5 Nf5 45. Qc2 Nxg3 46. Kxg3 c5 47. Rc1 Qd8 48. f4 b6 49. Qd3 Bg7 50. Nf3 Qd6 51. Qa6 cxd4 52. Rc8 Qd7 53. Rxe8+ Qxe8 54. exd4 Qd7 55. Qb5 Qd8 56. Qc6 Bf6 57. b4 a5 58. b5 Kg7 59. Kg4 Kg8 60. Ne5 Bxe5 61. fxe5 Kg7 62. f4 Kg8 63. f5 gxf5+ 64. Kxf5 Qh4 65. Qxd5 Qh5+ 66. Kf4 Qh4+ 67. Ke3 Qe1+ 68. Kd3 Qd1+ 69. Ke3 Qe1+ 70. Kf4 Qh4+ 71. Ke3 1/2-1/2

[Event "Karlsruhe Grenke op"]
[Site "Karlsruhe"]
[Date "2019.04.20"]
[Round "5"]
[White "Jerez Perez, Alfonso"]
[Black "Hoerstmann, Rudi"]
[Result "1/2-1/2"]
[WhiteElo "2413"]
[BlackElo "2225"]
[PlyCount "145"]
[EventDate "2019.04.18"]
[EventType "swiss"]
[EventRounds "9"]
[EventCountry "GER"]
[SourceTitle "CBM 189 Extra"]
[Source "ChessBase"]
[SourceDate "2019.06.03"]
[SourceVersion "1"]
[SourceVersionDate "2019.06.03"]
[SourceQuality "1"]

1. e4 g6 2. d4 Bg7 3. Nf3 d6 4. Nc3 c6 5. a4 Nd7 6. Be2 Qc7 7. 0-0 b6 8. d5 Bb7 9. dxc6 Bxc6 10. Nd5 Qb7 11. Ba6 Qb8 12. Nd4 Bb7 13. Bb5 e6 14. Nc3 a6 15. Bc4 Nc5 16. Re1 Ne7 17. Bg5 h6 18. Bh4 g5 19. Bg3 0-0 20. Ra3 Rd8 21. b4 Qc8 22. Ba2 d5 23. exd5 Nxd5 24. Nxd5 Bxd5 25. Bxd5 Rxd5 26. c3 Nd7 27. Qe2 Ne5 28. h4 Qc4 29. Qe3 Rad8 30. hxg5 hxg5 31. Raa1 Nd3 32. Red1 Nxb4 33. Rdb1 Nc6 34. Nxc6 Qxc6 35. Rxb6 Qxc3 36. Qxc3 Bxc3 37. Rc1 Rd1+ 38. Rxd1 Rxd1+ 39. Kh2 a5 40. Rb5 Rd5 41. Bc7 Kf8 42. Rb8+ Kg7 43. Ra8 Kg6 44. Bb6 Kf5 45. g3 g4 46. Kg2 Ke4 47. Rc8 Kd3 48. Rc7 f5 49. Rc6 Kc2 50. Rxe6 Kb3 51. Re3 Kb4 52. f3 Bd2 53. Re2 gxf3+ 54. Kxf3 Kxa4 55. Re8 Kb3 56. g4 fxg4+ 57. Kxg4 a4 58. Bd8 a3 59. Bf6 Rb5 60. Rc8 Rb4+ 61. Kf3 Rc4 62. Rb8+ Kc2 63. Ra8 Bc1 64. Be7 Bb2 65. Bxa3 Rc3+ 66. Ke4 Bxa3 67. Rd8 Bc5 68. Rc8 Kb3 69. Kd5 Rd3+ 70. Ke4 Rd4+ 71. Kf3 Kc4 72. Re8 Bd6 73. Re4 1/2-1/2

[Event "Oberliga Nord W 1819"]
[Site "Germany"]
[Date "2019.02.03"]
[Round "6.5"]
[White "Hoerstmann, Rudi"]
[Black "Fish, Gennadij"]
[Result "1/2-1/2"]
[WhiteElo "2222"]
[BlackElo "2454"]
[PlyCount "105"]
[EventDate "2018.10.21"]
[EventType "team-tourn"]
[EventRounds "9"]
[EventCountry "GER"]
[SourceTitle "EXT 2020"]
[Source "ChessBase"]
[SourceDate "2019.10.17"]
[SourceVersion "1"]
[SourceVersionDate "2019.10.17"]
[SourceQuality "1"]
[WhiteTeam "Lister Turm"]
[BlackTeam "Werder Bremen II"]
[WhiteTeamCountry "GER"]
[BlackTeamCountry "GER"]

1. d4 Nf6 2. c4 e6 3. g3 d5 4. Nf3 c5 5. cxd5 exd5 6. Bg2 Nc6 7. 0-0 Be7 8. Nc3 Be6 9. dxc5 Bxc5 10. Bg5 0-0 11. Bxf6 Qxf6 12. Nxd5 Qxb2 13. Nc7 Rad8 14. Qc1 Qxc1 15. Raxc1 Bb6 16. Nxe6 fxe6 17. e3 Rd6 18. Ng5 Rf5 19. Bxc6 Rxg5 20. Bxb7 Ra5 21. Rc2 Kf7 22. Bf3 Kf6 23. Kg2 h6 24. h4 Rd3 25. Be2 Rd6 26. Rfc1 Rdd5 27. Bc4 Rdc5 28. Kf3 Rc7 29. Bb3 Rac5 30. Rxc5 Rxc5 31. Rd1 Rf5+ 32. Ke2 Ke7 33. g4 Rb5 34. Kf3 Rb4 35. Rc1 Kd7 36. Rd1+ Ke7 37. Kg3 a5 38. Rc1 Kd7 39. Rd1+ Ke7 40. Rc1 Kd7 41. Rc3 Bc7+ 42. Kh3 Bd6 43. Rc2 a4 44. Bc4 Ke7 45. f4 Rb1 46. Kg2 Ba3 47. g5 Rb2 48. Rxb2 Bxb2 49. gxh6 gxh6 50. Kf3 e5 51. f5 Kf6 52. e4 a3 53. Bd5 1/2-1/2

[Event "Oberliga Nord W 1819"]
[Site "Germany"]
[Date "2018.12.16"]
[Round "4.4"]
[White "Steingraeber, Kai Uwe"]
[Black "Hoerstmann, Rudi"]
[Result "0-1"]
[WhiteElo "2037"]
[BlackElo "2222"]
[PlyCount "128"]
[EventDate "2018.10.21"]
[EventType "team-tourn"]
[EventRounds "9"]
[EventCountry "GER"]
[SourceTitle "EXT 2020"]
[Source "ChessBase"]
[SourceDate "2019.10.17"]
[SourceVersion "1"]
[SourceVersionDate "2019.10.17"]
[SourceQuality "1"]
[WhiteTeam "Delmenhorst"]
[BlackTeam "Lister Turm"]
[WhiteTeamCountry "GER"]
[BlackTeamCountry "GER"]

1. e4 g6 2. d4 Bg7 3. Nc3 d6 4. f4 Nf6 5. Nf3 0-0 6. e5 dxe5 7. fxe5 Nd5 8. Ne4 Bf5 9. Ng3 Bg4 10. Be2 c5 11. 0-0 Nc6 12. dxc5 Nc7 13. Rb1 Be6 14. a3 Nxe5 15. Bf4 Nxf3+ 16. Bxf3 Nd5 17. Bc1 Qc7 18. Ne4 Rad8 19. Qe1 b6 20. c4 Nf4 21. cxb6 axb6 22. b3 Bf5 23. Be3 Ne6 24. g4 Bxe4 25. Bxe4 Nd4 26. Qf2 Qd6 27. Bd5 e5 28. b4 Kh8 29. Rbd1 f5 30. g5 f4 31. Bxd4 exd4 32. Rxd4 Be5 33. Re4 Rf5 34. h4 h6 35. Qg2 Rdf8 36. Rf3 Kg7 37. Qg4 b5 38. Re2 h5 39. Qg2 bxc4 40. Be4 Bd4+ 41. Kh1 Re5 42. Bc2 Be3 43. Re1 Rd5 44. Qf1 Rd4 45. Rd1 Bd2 46. b5 Re8 47. a4 Qd5 48. Qg2 Rf8 49. Qe2 Rf7 50. Kh2 Qd6 51. Kh1 Re7 52. Qg2 c3 53. Qf2 Re3 54. Qg2 Qe6 55. Rdf1 Re2 56. R1f2 Re5 57. Rf1 Qa2 58. Bd1 c2 59. Bxc2 Qxc2 60. Rxf4 Rxf4 61. Qb7+ Kf8 62. Qb8+ Re8 63. Qd6+ Kg8 64. Qd5+ Kh8 0-1

[Event "GER CupT 1718 prel4"]
[Site "Kirchweyhe"]
[Date "2018.01.13"]
[Round "1.1"]
[White "Stevic, Hrvoje"]
[Black "Hoerstmann, Rudi"]
[Result "1-0"]
[WhiteElo "2597"]
[BlackElo "2262"]
[PlyCount "71"]
[EventDate "2018.01.13"]
[EventType "team-k.o."]
[EventRounds "2"]
[EventCountry "GER"]
[SourceTitle "EXT 2019"]
[Source "ChessBase"]
[SourceDate "2018.10.10"]
[SourceVersion "1"]
[SourceVersionDate "2018.10.10"]
[SourceQuality "1"]
[WhiteTeam "Kirchweyhe"]
[BlackTeam "Lister Turm"]
[WhiteTeamCountry "GER"]
[BlackTeamCountry "GER"]

1. e4 g6 2. d4 Bg7 3. Nf3 d6 4. Bc4 Nf6 5. Qe2 0-0 6. 0-0 Bg4 7. e5 dxe5 8. dxe5 Nd5 9. Nbd2 c6 10. h3 Bf5 11. Nd4 Bc8 12. N2f3 Qb6 13. Qe4 Na6 14. Bxd5 cxd5 15. Qxd5 Rd8 16. Qb3 Qxb3 17. axb3 Bxe5 18. Nc6 bxc6 19. Nxe5 Nb4 20. Ra4 Nxc2 21. Nxc6 Rd7 22. Rc4 Na1 23. Rc3 Bb7 24. Ne5 Rd5 25. Bf4 Ra5 26. Rd1 Be4 27. Nc4 Ra2 28. Rd7 Re8 29. Re3 Bc6 30. Rc7 Ra6 31. Bh6 f6 32. Rexe7 Rxe7 33. Rxe7 Bd5 34. Rg7+ Kh8 35. Rd7 Bg8 36. Bg7# 1-0

[Event "Bremen Silvester op"]
[Site "Bremen"]
[Date "2017.12.29"]
[Round "5"]
[White "Hoerstmann, Rudi"]
[Black "Colbow, Collin"]
[Result "0-1"]
[WhiteElo "2252"]
[BlackElo "2008"]
[PlyCount "110"]
[EventDate "2017.12.27"]
[EventType "swiss"]
[EventRounds "7"]
[EventCountry "GER"]
[SourceTitle "CBM 182 Extra"]
[Source "ChessBase"]
[SourceDate "2018.02.23"]
[SourceVersion "1"]
[SourceVersionDate "2018.02.23"]
[SourceQuality "1"]

1. Nf3 Nf6 2. g3 d5 3. Bg2 e6 4. 0-0 Bd6 5. c4 0-0 6. d4 c6 7. Qc2 Nbd7 8. Nbd2 Re8 9. b3 e5 10. cxd5 cxd5 11. dxe5 Nxe5 12. Bb2 Bg4 13. Bxe5 Bxe5 14. Nxe5 Rxe5 15. Nf3 Bf5 16. Qb2 Re7 17. Rac1 a6 18. Rfd1 Rc8 19. Nd4 Bg6 20. Bh3 Rxc1 21. Rxc1 Rc7 22. Qd2 h6 23. Qf4 Rxc1+ 24. Qxc1 Qa5 25. a3 Kh7 26. b4 Qb6 27. Qc5 Qd8 28. Qc8 Qb6 29. Qc5 Qd8 30. Qc8 Qb6 31. Nb3 Ne4 32. Nc5 Nd6 33. Qd7 a5 34. Na4 Qa6 35. Nc5 Qb6 36. Qa4 Qc7 37. Qb3 b6 38. Na4 Ne4 39. Qd1 b5 40. Nb2 Qc3 41. Nd3 Qxa3 42. bxa5 Qxa5 43. Qb1 Nc3 44. Qb4 Qa1+ 45. Kg2 Nxe2 46. Nc5 d4 47. Bd7 d3 48. Bxb5 Qa8+ 49. f3 Qa2 50. Kf1 Nc1 51. Ne4 Qe2+ 52. Kg1 Qxf3 53. Nf2 Qe3 54. Ba4 d2 55. Kg2 Qxf2+ 0-1

[Event "Bremen Silvester op"]
[Site "Bremen"]
[Date "2017.12.28"]
[Round "3"]
[White "Hoerstmann, Rudi"]
[Black "Pollmann, Sascha"]
[Result "0-1"]
[WhiteElo "2252"]
[BlackElo "2080"]
[PlyCount "80"]
[EventDate "2017.12.27"]
[EventType "swiss"]
[EventRounds "7"]
[EventCountry "GER"]
[SourceTitle "CBM 182 Extra"]
[Source "ChessBase"]
[SourceDate "2018.02.23"]
[SourceVersion "1"]
[SourceVersionDate "2018.02.23"]
[SourceQuality "1"]

1. Nf3 f5 2. g3 Nf6 3. Bg2 g6 4. 0-0 Bg7 5. c4 0-0 6. d4 d6 7. d5 Nbd7 8. Nc3 Ne5 9. Nxe5 dxe5 10. c5 a6 11. Qb3 Kh8 12. Rd1 h6 13. Bd2 g5 14. a4 Rb8 15. a5 Bd7 16. Qc4 Qc8 17. Be1 Be8 18. Rac1 e4 19. f3 Nd7 20. fxe4 Ne5 21. Qb4 f4 22. d6 exd6 23. cxd6 c5 24. Qb3 c4 25. Qb6 Bc6 26. Nd5 Qg4 27. Qf2 fxg3 28. Qxg3 Qxe2 29. Bc3 Rbe8 30. Ne7 Rf3 31. Bxe5 Rxg3 32. Bxg7+ Kxg7 33. hxg3 Bxe4 34. Bxe4 Qxe4 35. Rc3 Rd8 36. Kf2 Rf8+ 37. Kg1 Qe2 38. Rcc1 Rf3 39. Nf5+ Rxf5 40. d7 Rf2 0-1

[Event "BL2-Nord 1617"]
[Site "Germany"]
[Date "2017.05.07"]
[Round "9.6"]
[White "Mueller, Michael"]
[Black "Hoerstmann, Rudi"]
[Result "1-0"]
[WhiteElo "2251"]
[BlackElo "2269"]
[PlyCount "141"]
[EventDate "2016.10.16"]
[EventType "team-tourn"]
[EventRounds "9"]
[EventCountry "GER"]
[SourceTitle "EXT 2018"]
[Source "ChessBase"]
[SourceDate "2017.10.13"]
[SourceVersion "1"]
[SourceVersionDate "2017.10.13"]
[SourceQuality "1"]
[WhiteTeam "Pankow Rotation"]
[BlackTeam "Lister Turm"]
[WhiteTeamCountry "GER"]
[BlackTeamCountry "GER"]

1. d4 g6 2. c4 Bg7 3. Nc3 c5 4. d5 Bxc3+ 5. bxc3 f5 6. f3 Nf6 7. Bh6 d6 8. Qa4+ Bd7 9. Qb3 Qa5 10. Nh3 Na6 11. Rb1 Rb8 12. e3 Kd8 13. Bd3 Kc8 14. 0-0 Nc7 15. Nf2 Ba4 16. Qa3 Nd7 17. Bc2 b5 18. cxb5 Nxd5 19. Qxa4 Qxa4 20. Bxa4 Nxc3 21. Bg7 Nxb1 22. Bxh8 Na3 23. Ba1 Nxb5 24. Rb1 a6 25. f4 Kc7 26. e4 Nb6 27. Bxb5 axb5 28. Rxb5 Ra8 29. Rb2 Ra4 30. Re2 Kd7 31. g3 Ra3 32. Rc2 fxe4 33. Nxe4 Nd5 34. Nd2 Nb4 35. Rb2 Rc3 36. Rb1 Rc2 37. a3 Rxd2 38. axb4 cxb4 39. Bg7 Ke6 40. Rxb4 Kf5 41. Rb2 Rd1+ 42. Kg2 g5 43. fxg5 Kxg5 44. h4+ Kf5 45. Rf2+ Kg6 46. Bc3 Rd3 47. Bd2 e5 48. Bg5 h5 49. Rf6+ Kg7 50. Rh6 d5 51. Rxh5 d4 52. Rh6 e4 53. Rd6 e3 54. Bxe3 Rxe3 55. Rxd4 Kh6 56. Rd5 Ra3 57. g4 Kg6 58. Rd6+ Kg7 59. h5 Kh7 60. Rf6 Kg7 61. Rf3 Ra1 62. Kg3 Rb1 63. Kh4 Rb5 64. Rf5 Rb1 65. Kg5 Rb6 66. h6+ Kh7 67. Rf7+ Kg8 68. Rf6 Rb7 69. Kh5 Kh7 70. g5 Kh8 71. Rf8+ 1-0

[Event "BL2-Nord 1617"]
[Site "Germany"]
[Date "2017.04.23"]
[Round "8.6"]
[White "Hoerstmann, Rudi"]
[Black "Junge, Ralf"]
[Result "1/2-1/2"]
[WhiteElo "2246"]
[BlackElo "2271"]
[PlyCount "98"]
[EventDate "2016.10.16"]
[EventType "team-tourn"]
[EventRounds "9"]
[EventCountry "GER"]
[SourceTitle "EXT 2018"]
[Source "ChessBase"]
[SourceDate "2017.10.13"]
[SourceVersion "1"]
[SourceVersionDate "2017.10.13"]
[SourceQuality "1"]
[WhiteTeam "Lister Turm"]
[BlackTeam "Kiel Turm"]
[WhiteTeamCountry "GER"]
[BlackTeamCountry "GER"]

1. d4 e6 2. c4 b6 3. a3 f5 4. Nc3 Bb7 5. Nf3 Nf6 6. g3 Ne4 7. Bd2 Be7 8. Bg2 0-0 9. 0-0 Bf6 10. Rc1 Nc6 11. Be3 Ne7 12. Nxe4 Bxe4 13. b4 a6 14. Qb3 b5 15. Bg5 Bxg5 16. Nxg5 Bxg2 17. Kxg2 bxc4 18. Rxc4 Nd5 19. Nf3 Qe7 20. Rc5 Rfb8 21. Qd3 c6 22. Rfc1 Rb5 23. Ne5 h6 24. Nc4 Qg5 25. e3 Qe7 26. Na5 Nf6 27. R5c2 Nd5 28. f3 Qg5 29. Re1 f4 30. e4 Ne3+ 31. Rxe3 fxe3 32. f4 Qg4 33. Nc4 Qg6 34. Qxe3 Rf8 35. Nd6 Rd5 36. Nb7 Rb5 37. Nc5 Rd8 38. Nxa6 Ra8 39. Nc7 Rxa3 40. Qxa3 Qxe4+ 41. Kg1 Qe1+ 42. Kg2 Qe4+ 43. Kg1 Qxc2 44. Nxb5 Qd1+ 45. Kg2 Qe2+ 46. Kg1 Qe1+ 47. Kg2 Qe2+ 48. Kg1 Qe1+ 49. Kg2 Qe2+ 1/2-1/2

[Event "Hamburg HSK op"]
[Site "Hamburg"]
[Date "2016.12.29"]
[Round "5"]
[White "Hoerstmann, Rudi"]
[Black "Colpe, Malte"]
[Result "0-1"]
[WhiteElo "2237"]
[BlackElo "2403"]
[PlyCount "137"]
[EventDate "2016.12.27"]
[EventType "swiss"]
[EventRounds "7"]
[EventCountry "GER"]
[SourceTitle "CBM 176 Extra"]
[Source "ChessBase"]
[SourceDate "2017.03.02"]
[SourceVersion "1"]
[SourceVersionDate "2017.03.02"]
[SourceQuality "1"]

1. d4 Nf6 2. c4 g6 3. Nc3 Bg7 4. e4 d6 5. Nf3 0-0 6. Be2 e5 7. 0-0 Nc6 8. d5 Ne7 9. Bg5 Nh5 10. Ne1 Nf4 11. Nd3 Nxe2+ 12. Qxe2 h6 13. Bd2 g5 14. g4 Ng6 15. Rfd1 Nf4 16. Nxf4 exf4 17. Rac1 Re8 18. f3 f5 19. gxf5 Bxf5 20. Qg2 Bd7 21. h4 Bd4+ 22. Kf1 Be5 23. hxg5 hxg5 24. Ke2 Kf7 25. Rh1 Rh8 26. Rcg1 Bd4 27. Rxh8 Qxh8 28. Rh1 Qg7 29. Rh5 Rg8 30. Nb5 Bxb5 31. cxb5 Ke8 32. Qh3 g4 33. Qxg4 Qxg4 34. fxg4 Rxg4 35. Kf3 Rg3+ 36. Kxf4 Rd3 37. Ba5 b6 38. Bc3 Bxc3 39. bxc3 Rxc3 40. Rh7 Kd8 41. Kf5 Kc8 42. Ke6 Re3 43. Rh8+ Kb7 44. Rh4 Re2 45. a4 a6 46. Kd7 axb5 47. axb5 Rb2 48. Kd8 Rxb5 49. Rh7 Rc5 50. e5 dxe5 51. d6 Rd5 52. Rxc7+ Kb8 53. d7 e4 54. Rc6 Kb7 55. Re6 Rd4 56. Ke8 Kc7 57. Re7 Kc6 58. d8Q Rxd8+ 59. Kxd8 Kd5 60. Kc7 b5 61. Kb6 b4 62. Kb5 b3 63. Kb4 b2 64. Rd7+ Ke5 65. Rd1 Kf4 66. Kc3 e3 67. Kd3 Kf3 68. Rf1+ Kg2 69. Ke2 0-1

[Event "BL2-Nord 1617"]
[Site "Germany"]
[Date "2016.10.16"]
[Round "1.6"]
[White "Baciu, Diana"]
[Black "Hoerstmann, Rudi"]
[Result "1-0"]
[WhiteElo "2293"]
[BlackElo "2246"]
[PlyCount "69"]
[EventDate "2016.10.16"]
[EventType "team-tourn"]
[EventRounds "9"]
[EventCountry "GER"]
[SourceTitle "CBM 175 Extra"]
[Source "ChessBase"]
[SourceDate "2016.12.12"]
[SourceVersion "1"]
[SourceVersionDate "2016.12.12"]
[SourceQuality "1"]
[WhiteTeam "Hamburger SK II"]
[BlackTeam "Lister Turm"]
[WhiteTeamCountry "GER"]
[BlackTeamCountry "GER"]

1. e4 g6 2. d4 Bg7 3. Nc3 d6 4. Nge2 Nd7 5. g3 Ngf6 6. Bg2 0-0 7. h3 c5 8. Be3 Rb8 9. a4 b6 10. 0-0 a6 11. f4 cxd4 12. Nxd4 Bb7 13. Qe2 Re8 14. Nb3 Rc8 15. Qf2 Rxc3 16. bxc3 Nxe4 17. Bxe4 Bxe4 18. Bd4 Ba8 19. Rae1 Qc8 20. Kh2 Qc6 21. Bxg7 Kxg7 22. Nd4 Qc4 23. f5 Nf6 24. fxg6 hxg6 25. Qf4 Qd5 26. Re2 Ne4 27. Rxe4 Qxe4 28. Qxf7+ Kh6 29. Rf3 Rc8 30. Ne6 Qe2+ 31. Rf2 Qe5 32. Qxe7 Rxc3 33. Qh4+ Qh5 34. Qf4+ g5 35. Qf8+ 1-0

[Event "Oberliga Nord W 1516"]
[Site "Germany"]
[Date "2016.04.10"]
[Round "9.5"]
[White "Hedke, Fred"]
[Black "Hoerstmann, Rudi"]
[Result "1-0"]
[WhiteElo "2237"]
[BlackElo "2239"]
[PlyCount "119"]
[EventDate "2015.09.20"]
[EventType "team-tourn"]
[EventRounds "9"]
[EventCountry "GER"]
[SourceTitle "EXT 2017"]
[Source "ChessBase"]
[SourceDate "2016.10.25"]
[SourceVersion "1"]
[SourceVersionDate "2016.10.25"]
[SourceQuality "1"]
[WhiteTeam "Delmenhorst"]
[BlackTeam "Lister Turm"]
[WhiteTeamCountry "GER"]
[BlackTeamCountry "GER"]

1. e4 g6 2. d4 Bg7 3. Nc3 d6 4. Nge2 Nf6 5. g3 0-0 6. Bg2 Nbd7 7. 0-0 c5 8. h3 Rb8 9. a4 b6 10. Re1 cxd4 11. Nxd4 Bb7 12. b3 a6 13. Bb2 Nc5 14. b4 Ncd7 15. f4 e5 16. Nde2 exf4 17. Qxd6 Nxe4 18. Bxe4 Bxe4 19. Rad1 Bxc2 20. Qxd7 Bxd1 21. Qxd1 fxg3 22. Nxg3 Qc8 23. Nd5 Qxh3 24. Ne7+ Kh8 25. Bxg7+ Kxg7 26. Qd4+ f6 27. Re3 Rbd8 28. Ngf5+ gxf5 29. Rxh3 Rxd4 30. Nxf5+ Kg6 31. Nxd4 Rd8 32. Rh4 Rc8 33. Ne2 Rc2 34. Kf1 Ra2 35. Nc3 Rb2 36. Nd5 b5 37. axb5 axb5 38. Nc7 Kg5 39. Rd4 Kf5 40. Nxb5 Ke5 41. Rh4 f5 42. Na3 Rb3 43. Nc4+ Kd5 44. Na5 Rb2 45. Ke1 Rg2 46. Rxh7 f4 47. Rd7+ Ke4 48. Nc4 Rc2 49. Rc7 Rh2 50. b5 f3 51. b6 Rh1+ 52. Kf2 Rh2+ 53. Kg1 Rg2+ 54. Kf1 Ra2 55. b7 Ra1+ 56. Kf2 Ra2+ 57. Kg3 Rg2+ 58. Kh3 Rg8 59. Rc8 f2 60. Nd2+ 1-0

[Event "BL2-Nord 0001"]
[Site "Germany"]
[Date "2001.04.29"]
[Round "9.4"]
[White "Hoerstmann, Rudi"]
[Black "Hochgraefe, Markus"]
[Result "1/2-1/2"]
[WhiteElo "2242"]
[BlackElo "2349"]
[PlyCount "60"]
[EventDate "2000.10.15"]
[EventType "team-tourn"]
[EventRounds "9"]
[EventCountry "GER"]
[SourceTitle "CBM 082 Extra"]
[Source "ChessBase"]
[SourceDate "2001.07.03"]
[SourceVersion "1"]
[SourceVersionDate "2001.07.03"]
[SourceQuality "1"]
[WhiteTeam "Isernhagen"]
[BlackTeam "Hamburg Koenigsspringer"]
[WhiteTeamCountry "GER"]
[BlackTeamCountry "GER"]

1. c4 Nf6 2. g3 c6 3. Bg2 d5 4. Qc2 Bg4 5. Nf3 e6 6. 0-0 Be7 7. b3 a5 8. Bb2 0-0 9. d3 Nbd7 10. Nbd2 Qb8 11. Rac1 a4 12. cxd5 exd5 13. e4 axb3 14. axb3 Bd6 15. Kh1 Re8 16. Nd4 Bb4 17. h3 Bh5 18. f4 c5 19. N4f3 dxe4 20. dxe4 Bg6 21. f5 Bh5 22. g4 Bxg4 23. hxg4 Nxg4 24. Rce1 Qg3 25. Re2 Ra6 26. Nc4 Rh6+ 27. Kg1 Nh2 28. Rff2 Ng4 29. Rf1 Nh2 30. Rff2 Ng4 1/2-1/2

[Event "BL2-Nord 0001"]
[Site "Germany"]
[Date "2000.11.12"]
[Round "2.4"]
[White "Hoerstmann, Rudi"]
[Black "Issing, Peter"]
[Result "0-1"]
[WhiteElo "2242"]
[BlackElo "2271"]
[PlyCount "106"]
[EventDate "2000.10.15"]
[EventType "team-tourn"]
[EventRounds "9"]
[EventCountry "GER"]
[SourceTitle "CBM 082 Extra"]
[Source "ChessBase"]
[SourceDate "2001.07.03"]
[SourceVersion "1"]
[SourceVersionDate "2001.07.03"]
[SourceQuality "1"]
[WhiteTeam "Isernhagen"]
[BlackTeam "Werder Bremen II"]
[WhiteTeamCountry "GER"]
[BlackTeamCountry "GER"]

1. d4 Nf6 2. c4 e6 3. Nc3 Bb4 4. e3 b6 5. Nge2 Ne4 6. Qc2 Bb7 7. a3 Nxc3 8. Nxc3 Be7 9. Bd3 f5 10. d5 0-0 11. e4 g6 12. 0-0 a5 13. Bh6 Rf7 14. Rad1 Qc8 15. Rfe1 Na6 16. Qe2 Nc5 17. Bc2 Bf6 18. e5 Be7 19. b3 Na6 20. Ra1 Bc5 21. h4 Qd8 22. Bg5 Qf8 23. Bc1 Re8 24. Qd2 Qe7 25. g3 f4 26. gxf4 Qxh4 27. Ne4 Be7 28. Qd3 Nc5 29. Qg3 exd5 30. Qxh4 Bxh4 31. Nxc5 bxc5 32. cxd5 Bxd5 33. Bd2 Ra8 34. Rac1 Be7 35. Kh2 Be6 36. Kg3 Rff8 37. Bd1 c4 38. bxc4 Bxa3 39. Ra1 Bb4 40. Bxb4 axb4 41. Ba4 Rfb8 42. Bb3 Kg7 43. Kf3 Ra3 44. Rxa3 bxa3 45. Ba2 Rb2 46. Ra1 h5 47. Bb1 Rb3+ 48. Ke2 Bxc4+ 49. Kd2 a2 50. Be4 Ra3 51. f5 gxf5 52. Bxf5 Rf3 53. Bxd7 Rd3+ 0-1